Quién es capaz de...?: ejemplos para la educación del moviemiento en los primeros grados de la escuela primaria

Guardat en:
Dades bibliogràfiques
Autor principal: Diem, Liselott (Autor)
Format: Llibre
Idioma:espanyol
Publicat: Buenos Aires Paidós 1974
Col·lecció:Biblioteca de educación física; sección gimnasia, 2
Matèries:
Etiquetes: Afegir etiqueta
Sense etiquetes, Sigues el primer a etiquetar aquest registre!

MARC

LEADER 00000nam a2200000 a 4500
001 UCY9492
003 CL-VaPUC
008 950717e19740000AG |||||||||||||||||spa|d
082 0 4 |a 796.019  |b DIE  |2 21 
100 0 |a Diem, Liselott  |e author  |9 341713 
245 1 0 |a Quién es capaz de...?: ejemplos para la educación del moviemiento en los primeros grados de la escuela primaria 
300 |a 51 p 
942 |c BK 
945 |d 19950717 00:00:00  |a cmena 
260 |a Buenos Aires  |b Paidós  |c 1974 
650 0 |a Educación física  |9 240893 
650 0 |a Niños  |9 255605 
650 7 |a PSICOMOTRICIDAD  |2 CL-VaPUC  |9 241072 
650 0 |a Métodos de enseñanza  |9 270413 
650 0 |a Desarrollo motor   |9 313002 
650 0 |a Educación básica   |9 224933 
650 7 |a EJERCICIO  |2 CL-VaPUC  |9 310040 
583 |a last modification  |c 19950717 00:00:00  |k Rodrigo Vera 
490 0 |a Biblioteca de educación física; sección gimnasia, 2 
999 |c 236579  |d 236577 
952 |0 0  |1 0  |4 0  |6 796_019000000000000_DIE_1974  |7 0  |8 P  |9 244757  |a BIBEDU  |b BIBEDU  |c BIBEDU_PB  |d 2019-11-18  |i 1531700  |o 796.019 DIE 1974  |p 1531700  |r 2024-01-25  |w 2019-11-18  |y BK  |k EDU 
952 |0 0  |1 0  |4 0  |6 796_019000000000000_DIE_1974  |7 0  |8 P  |9 244758  |a BIBEDU  |b BIBEDU  |c BIBEDU_PB  |d 2019-11-18  |i 1531719  |o 796.019 DIE 1974  |p 1531719  |r 2019-11-18  |w 2019-11-18  |y BK  |k EDU